000 01237cam a22002297i 4500
999 _c12251
_d12251
003 OSt
005 20231229192940.0
008 160308s2015 nyua b 000 0 eng d
020 _a9781940291192
_qhardcover
042 _alccopycat
050 0 0 _aNA687
_b.A25 2015
082 0 4 _a724.7
_223
100 1 _aAbalos, Iñaki,
_eauthor.
245 1 0 _aAbalos + Sentkiewicz :
_bessays on thermodynamics, architecture and beauty.
_cIñaki Abalos, Renata Snetkiewicz; Editor Lluis Ortega.
300 _a479 pages :
_billustrations (some color) ;
_c25 cm
504 _aIncludes bibliographical references.
520 8 _aA compendium of essays and projects, that creates a projective document able to set up new scenarios for the Architecture of the next decade Essays on Thermodynamics, Architecture and Beauty, is a book that unfolds arguments and designs around the concept of 'thermodynamic beauty'. This new aesthetic category opens up new and unexpected directions to the architect's work, connecting architecture and thermodynamics without giving up the tectonic tradition.
650 0 _aArchitecture, Modern
_y21st century
_xThemes, motives.
700 1 _aSentkiewicz, Renata,
_eauthor.
700 1 _aOrtega, Lluis,
_eeditor.
942 _2ddc